000 00594nam a2200169Ia 4500
008 090711s9999 xx 000 0 und d
082 _b1550
100 _aप्रभावळकर दिलीप
245 _aSाूकभूल द्यावी घ्यावी
260 _c1998
300 _a64
600 _aप्रभावळकर दिलीप
630 _aSाूकभूल द्यावी घ्यावी
700 _aप्रभावळकर दिलीप
730 _aSाूकभूल द्यावी घ्यावी
942 _cBOOK
999 _c334431
_d334431